Numbered circulars, 1923.

Bibliographic Details
Corporate Author: United States. Defense Finance and Accounting Service
Format: Government Document eBook
Language:English
Published: [Washington] : GPO, 1923.
Subjects:
Online Access:Connect to the full text of this electronic document

MARC

Tag First Indicator Second Indicator Subfields
LEADER 00000cam a22000001a 4500
001 in00003698713
005 20190408182941.0
006 m o d f
007 cr bn mmmapmmp
008 141208s1923 dcu o f000 0 eng d
035 |a ebd1910314961 
040 |a UMI  |c UMI  |d UtOrBLW 
086 0 |a W 97.5/1:923/1 
099 |a W97.5-0.34 
110 1 |a United States.  |b Defense Finance and Accounting Service.  |0 http://id.loc.gov/authorities/names/no93036038 
245 1 0 |a Numbered circulars, 1923. 
264 1 |a [Washington] :  |b GPO,  |c 1923. 
300 |a 1 online resource (3-46 pages) 
336 |a text  |b txt  |2 rdacontent 
337 |a computer  |b c  |2 rdamedia 
338 |a online resource  |b cr  |2 rdacarrier 
500 |a Series of lettered and numbered circulars on War Department financial administration and accounting procedures, civilian employment, and military pay and pensions. Some circulars include sample forms. Through 1924, some circulars also include summaries of Comptroller General decisions. 
533 |a Electronic reproduction.  |b [Bethesda, Md.] :  |c ProQuest,  |d 2014.  |e digital, PDF file.  |n ProQuest U.S. Executive Branch Documents  |n Mode of access: World Wide Web via ProQuest website. 
588 |a Record is based on online resource; title from PDF title page (ProQuest, last viewed Dec. 2014). Reuse except for individual research requires license from ProQuest, LLC. 
500 |a Electronic resource. 
650 0 |a Accounting.  |0 http://id.loc.gov/authorities/subjects/sh85000411 
650 0 |a Auditing.  |0 http://id.loc.gov/authorities/subjects/sh85009477 
650 0 |a Military pensions.  |0 http://id.loc.gov/authorities/subjects/sh85099600 
655 7 |a Electronic books.  |2 local 
856 4 0 |u http://proxy.library.tamu.edu/login?url=http://congressional.proquest.com/congressional/docview/t66.d71.w97.5-0.34  |z Connect to the full text of this electronic document  |t 0 
999 f f |s f622b63d-f4ca-3b0e-bfd3-7e6c25f871f5  |i 93c03984-ca9b-3009-86fe-4f3e6ab05337  |t 0 
952 f f |a Texas A&M University  |b College Station  |c Electronic Resources  |d Available Online  |t 0  |h No information provided 
998 f f |t 0  |l Available Online